| 000 | 00569nam a22001817a 4500 | ||
|---|---|---|---|
| 005 | 20230331153140.0 | ||
| 008 | 230331b |||||||| |||| 00| 0 eng d | ||
| 020 | _a978-0-387-24145-6 | ||
| 041 | _aeng | ||
| 082 | _a579.3 BRE-B | ||
| 100 |
_aBRENNER, DON J., KRIEG, NDEL R.,AND STALEY, JAMES T. _97579 |
||
| 245 | _aBERGEY'S MANUAL OF SYSTEMETIC BACTERIOLOGY VOL-2 THE PROTEOBACTERIA PART C (ONE)THE ALPHA,BETA,DELTA AND EPSILONPROTEOBACTERIA | ||
| 250 | _a2nd ed. | ||
| 260 | _bSPRINGER | ||
| 300 | _a703;P. | ||
| 650 |
_aPHARMACY _xB. PHARMA _97580 |
||
| 942 | _cBK | ||
| 999 |
_c8260 _d8258 |
||